| 000 | 00530 a2200169 4500 | ||
|---|---|---|---|
| 999 |
_c10532 _d10532 |
||
| 020 | _a9780367753467 | ||
| 050 | _aKZ 1242 ORA 2012 | ||
| 100 |
_aOrakhelashvili , Alexander _eauthor |
||
| 245 |
_aAkehurst's modern introduction to international law / _cAlexander Orakhelashvili |
||
| 250 | _a9th ed. | ||
| 264 |
_aAbingdon, Oxon ; New York, NY : _bRoutledge, _c2022 |
||
| 300 | _a643p. : | ||
| 500 | _aincludes index | ||
| 650 | _a International law. | ||
| 650 | _aPOLITICAL SCIENCE / General | ||
| 942 |
_2lcc _cBK _h1242 _iORA _kKZ |
||